Top 200 US Baby Girl Names 2022 - Statistics

General Stats
  • This quiz has been taken 137 times
  • The average score is 87 of 200
Answer Stats
Answer % Correct
Emma
93%
Anna
89%
Emily
88%
Olivia
87%
Charlotte
86%
Eliza
84%
Isabel
84%
Sofia
84%
Sophia
84%
Amelia
82%
Grace
82%
Hannah
82%
Elizabeth
81%
Isabella
81%
Chloe
80%
Evelyn
80%
Khloe
80%
Ella
79%
Julia
79%
Sara
79%
Ava
78%
Lily
78%
Mia
76%
Eva
75%
Zoe
74%
Abigail
72%
Ellie
72%
Maria
72%
Mary
72%
Katherine
71%
Madison
71%
Aria
69%
Harper
69%
Mila
69%
Norah
69%
Rose
69%
Natalie
68%
Nora
68%
Sophie
68%
Addison
67%
Alexandra
66%
Alice
66%
Avery
66%
Lillian
66%
Arianna
65%
Lucy
65%
Victoria
65%
Penelope
64%
Caroline
62%
Ivy
62%
Daisy
60%
Iris
60%
Violet
60%
Ariana
59%
Ashley
59%
Luna
59%
Hailey
58%
Samantha
58%
Willow
58%
Allison
56%
Bella
56%
Gabriella
56%
Isla
56%
Maya
56%
Brianna
55%
Jade
55%
Jasmine
55%
Quinn
55%
Freya
54%
Leah
54%
Scarlett
54%
Eleanor
53%
Molly
53%
Riley
53%
Ryleigh
53%
Faith
52%
Naomi
52%
Claire
51%
Clara
51%
Gianna
51%
Sarah
51%
Brooklyn
49%
Ruby
49%
Summer
49%
Audrey
48%
Layla
48%
Sienna
48%
Ada
47%
Kylie
47%
Vivian
47%
Hazel
46%
Natalia
46%
Valerie
46%
Aurora
45%
Delilah
45%
Madeline
44%
Ruth
44%
Aaliyah
42%
Aubrey
42%
Cora
42%
Elena
42%
Josephine
42%
Georgia
41%
Olive
41%
Savannah
41%
Autumn
40%
Elliana
40%
Esther
40%
Margaret
40%
Elsie
39%
Everleigh
38%
Liliana
38%
Melanie
38%
Millie
38%
Nova
38%
Camila
36%
Everly
36%
Bailey
35%
Emilia
35%
June
35%
Mackenzie
35%
Sadie
35%
Eliana
34%
Josie
34%
Lucia
34%
Isabelle
33%
Lydia
33%
Peyton
33%
Andrea
32%
Eloise
32%
Blake
31%
Juniper
29%
Paisley
29%
Piper
29%
Adeline
28%
Eden
28%
Juliette
28%
Kaylee
28%
Kennedy
28%
Brielle
27%
Charlie
27%
Hadley
27%
Melody
27%
Zoey
27%
Genesis
26%
Reagan
26%
Skylar
26%
Gemma
25%
Nevaeh
25%
Valeria
25%
Rosalie
24%
Emersyn
22%
Kinsley
22%
Parker
22%
River
22%
Lyla
21%
Serenity
21%
Ariella
20%
Athena
20%
Callie
20%
Emerson
20%
Genevieve
20%
Adalyn
19%
Margot
19%
Reese
19%
Anastasia
18%
Emery
18%
Oakley
18%
Sage
18%
Valentina
18%
Amara
16%
Ximena
16%
Blakely
15%
Alina
14%
Ayla
14%
Maeve
14%
Sloane
14%
Amaya
13%
Ember
13%
Leilani
13%
Madelyn
13%
Remi
13%
Wren
13%
Oaklynn
12%
Alaia
11%
Aspen
11%
Raelynn
11%
Zuri
11%
Magnolia
8%
Arya
7%
Journee
6%
Adalynn
5%
Myla
5%
Catalina
4%
Cecelia
4%
Kehlani
4%
Lainey
4%
Rylee
4%
Alani
1%
Stela
1%
No matching quizzes found
Score Distribution
Percent of People with Each Score
Percentile by Number Answered
Your Score History
You have not taken this quiz